Economía de la investigación agraria
Guardat en:
| Autor principal: | |
|---|---|
| Format: | Llibre |
| Idioma: | espanyol |
| Publicat: |
Madrid
INIA
1973
|
| Matèries: | |
| Etiquetes: |
Afegir etiqueta
Sense etiquetes, Sigues el primer a etiquetar aquest registre!
|
MARC
| LEADER | 00000nam a2200000 a 4500 | ||
|---|---|---|---|
| 001 | UCR3000 | ||
| 003 | CL-VaPUC | ||
| 008 | 980123e19730000SP |||||||||||||||||spa|d | ||
| 082 | 0 | 4 | |a 338.1 |b NIE |2 21 |
| 100 | |a Nieto Ostolaza, María del Carmen |e autora |9 401641 | ||
| 245 | 1 | 0 | |a Economía de la investigación agraria |
| 300 | |a 358 p | ||
| 942 | |c BK | ||
| 945 | |d 19980123 00:00:00 |a jquezada | ||
| 260 | |a Madrid |b INIA |c 1973 | ||
| 650 | 7 | |a ECONOMIA DE LA TIERRA |2 CL-VaPUC |9 341263 | |
| 650 | 0 | |a Producción |9 263680 | |
| 650 | 0 | |a Investigación y desarrollo (I+D) |9 324714 | |
| 650 | 7 | |a FINANCIAMIENTO Y PLANIFICACION |2 CL-VaPUC |9 401642 | |
| 650 | 0 | |a Agricultura |9 255598 | |
| 583 | |a last modification |c 19980123 00:00:00 |k Rodrigo Vera | ||
| 999 | |c 266116 |d 266114 | ||
| 952 | |0 0 |1 1 |2 ddc |4 0 |6 338_100000000000000_NIE_1973 |7 0 |8 P |9 297444 |a BIBAGR |b BIBAGR |d 2019-11-20 |i 3391981 |o 338.1 NIE 1973 |p 3391981 |r 2019-11-20 |w 2019-11-20 |y BK |k AGR | ||